| 000 | 00783cam a2200265 a 4500 | ||
|---|---|---|---|
| 008 | |||
| 020 | _a0240802012 (pbk. ) | ||
| 049 | _aMAIN | ||
| 050 | 0 | 0 |
_aTR179.Z34 _bZAK |
| 100 | 1 | _aZakia, Richard D. | |
| 245 | 1 | 0 |
_aPerception and imaging / _cRichard Zakia. |
| 260 |
_aBoston : _bFocal Press, _c1997. |
||
| 300 |
_axv, 285 p. : _bill. ; _c26 cm. |
||
| 500 | _aRev. ed. of: Perception and photography. 1974, c1975. | ||
| 500 | _aIncludes index. | ||
| 504 | _aIncludes bibliographical references. | ||
| 650 | 0 | _aComposition (Photography) | |
| 650 | 0 | _aVisual perception. | |
| 650 | 0 | _aGestalt psychology. | |
| 907 |
_a.b10238219 _b21-02-13 _c26-03-07 |
||
| 003 | |||
| 005 | 20230123134418.0 | ||
| 040 | _cNUST | ||
| 942 | _cBOOKS | ||
| 999 |
_c165465 _d165465 |
||